Datum a čas kvízu
33
Celkem bodů
Celkový počet nahraných bodů na tomto kvízu bez doplňovacích otázek.
3.
Pořadí na kvízu
Konečné umístění týmu na tomto kvízu.
Zaznamenané odpovědi
| # | Otázka | Odpověď | Body | Výsledky |
|---|---|---|---|---|
| 1. | Příbramští policisté pátrají p... | závodní formule | 1 | |
| 2. | Česká komisařka Věra Jourová s... | hodnoty a transparentnost | 0.5 | |
| 3. | Kanadská spisovatelka Margaret... | Příběh služebnice | 0 | |
| 4. | Provozovatel hongkongské akcio... | Londýn | 0 | |
| 5. | Ve čtvrtek začal nový ročník č... | Sparta Praha, Škoda Plzeň | 1 | |
| 6. | Když už jsme tu měli minulý tý... | serotonin | 1 | |
| 7. | Erós je řeckým bohem lásky. Ja... | Arés, Afrodita | 1 | |
| 8. | Příponu -filie mají různá slov... | Alexej | 0 | |
| 9. | Láska je samozřejmě nevyčerpat... | 1B 2A 3D 4C | 0 | |
| 10. | Jak se jmenuje herečka, která... | Gwyneth Paltrow | 1 |